书目信息 |
| 题名: |
建设工程法规及相关知识
|
|
| 作者: | 司武军 主编 | |
| 分册: | ||
| 出版信息: | 北京 中国电力出版社 2014 |
|
| 页数: | 304页 | |
| 开本: | 26cm | |
| 丛书名: | ||
| 单 册: | ||
| 中图分类: | D922.297.4 | |
| 科图分类: | ||
| 主题词: | 建筑法--中国--资格考试--自学参考资料 , 建筑法 | |
| 电子资源: | ||
| ISBN: | 978-7-5123-5704-4 | |
| 000 | 00917nam0 2200241 450 | |
| 001 | 139987 | |
| 005 | 20140914134219.40 | |
| 010 | @a978-7-5123-5704-4@dCNY 49.00 | |
| 100 | @a20140605d2014 em y0chiy50 ea | |
| 101 | 0 | @achi |
| 102 | @aCN@b110000 | |
| 105 | @ay zq 000yy | |
| 200 | 1 | @a建设工程法规及相关知识@Ajian she gong cheng fa gui ji xiang guan zhi shi@b专著@f司武军主编 |
| 210 | @a北京@c中国电力出版社@d2014 | |
| 215 | @a304页@d26cm | |
| 300 | @a全国一级建造师执业资格考试考点图表速记与历年真题详解 2014电力版执业资格考试 | |
| 330 | @a本书内容包括:建设工程基本法律知识、施工许可法律制度、建设工程发承包法律制度、建设工程合同和劳动合同法律热度、建设工程安全生产法律制度、建设工程质量法律制度等。 | |
| 606 | 0 | @a建筑法@y中国@x资格考试@j自学参考资料 |
| 606 | 0 | @a建筑法 |
| 690 | @aD922.297.4@v5 | |
| 701 | 0 | @a司武军@Asi wu jun@4主编 |
| 801 | 0 | @aCN@bZL@c20140914 |
| 905 | @a241430@dD922.297.4@eS703 | |
| 建设工程法规及相关知识/司武军主编.-北京:中国电力出版社,2014 |
| 304页;26cm |
| 全国一级建造师执业资格考试考点图表速记与历年真题详解 2014电力版执业资格考试 |
| ISBN 978-7-5123-5704-4:CNY 49.00 |
| 本书内容包括:建设工程基本法律知识、施工许可法律制度、建设工程发承包法律制度、建设工程合同和劳动合同法律热度、建设工程安全生产法律制度、建设工程质量法律制度等。 |
| ● |
| 相关链接 |
|
|
|
正题名:建设工程法规及相关知识
索取号:D922.297.4/S703
 
预约/预借
| 序号 | 登录号 | 条形码 | 馆藏地/架位号 | 状态 | 备注 |
| 1 | 0832893 | 208328932 | 社科库509/509社科库 89排1列2层/ [索取号:D922.297.4/S703] | 在馆 | |
| 2 | 0832894 | 208328941 | 社科库509/509社科库 89排1列2层/ [索取号:D922.297.4/S703] | 在馆 | |
| 3 | 0832895 | 208328950 | 社科库509/509社科库 89排1列2层/ [索取号:D922.297.4/S703] | 在馆 |